| 000 | 00561nam a2200193 a 4500 | ||
|---|---|---|---|
| 005 | 20231028063757.0 | ||
| 008 | 170614s2014 mx r 000 0 spa d | ||
| 020 | _a9786072109575 | ||
| 035 | _aUPN01000218707 | ||
| 049 | _aLT | ||
| 050 | 4 |
_aLB1557 M6.4 _bR3.2 |
|
| 245 | 0 | 0 |
_aRed larousse 4 : _bcuarto grado, bimestre 2. |
| 260 |
_aMéxico : _bLarousse, _c2014. |
||
| 300 |
_a96, [34] p. : _bil. col |
||
| 650 | 4 |
_aEDUCACION PRIMARIA - _vMANUALES _99222 |
|
| 650 | 4 |
_aEducación primaria _vPlanes y programas _99146 |
|
| 905 | _aLibro | ||
| 999 |
_c190807 _d190807 |
||